<?xml version="1.0" encoding="UTF-8"?>
<record
    xmlns:xsi="http://www.w3.org/2001/XMLSchema-instance"
    xsi:schemaLocation="http://www.loc.gov/MARC21/slim http://www.loc.gov/standards/marcxml/schema/MARC21slim.xsd"
    xmlns="http://www.loc.gov/MARC21/slim">

  <leader>00601nam a22002177a 4500</leader>
  <controlfield tag="005">20240202124240.0</controlfield>
  <controlfield tag="008">240202b        sa ||||| |||| 00| 0 eng d</controlfield>
  <datafield tag="020" ind1=" " ind2=" ">
    <subfield code="a">9781770085282</subfield>
  </datafield>
  <datafield tag="020" ind1=" " ind2=" ">
    <subfield code="a">9781770085183</subfield>
  </datafield>
  <datafield tag="040" ind1=" " ind2=" ">
    <subfield code="a">RDA</subfield>
    <subfield code="c">3228</subfield>
  </datafield>
  <datafield tag="041" ind1=" " ind2=" ">
    <subfield code="2">E</subfield>
  </datafield>
  <datafield tag="082" ind1=" " ind2=" ">
    <subfield code="a">J 599.865 EMME</subfield>
  </datafield>
  <datafield tag="100" ind1=" " ind2=" ">
    <subfield code="a">Emmett, Megan</subfield>
    <subfield code="9">89240</subfield>
  </datafield>
  <datafield tag="245" ind1=" " ind2=" ">
    <subfield code="a">Baboon/</subfield>
    <subfield code="c">Megan Emmett</subfield>
  </datafield>
  <datafield tag="260" ind1=" " ind2=" ">
    <subfield code="a">Gallo Manor:</subfield>
    <subfield code="b">Awareness Pub. Group,</subfield>
    <subfield code="c">2014.</subfield>
  </datafield>
  <datafield tag="300" ind1=" " ind2=" ">
    <subfield code="a"> 55 pages:</subfield>
    <subfield code="b">color illustrations ; </subfield>
    <subfield code="c">22 cm.</subfield>
  </datafield>
  <datafield tag="490" ind1=" " ind2=" ">
    <subfield code="a"> Big 5 and other wild animals</subfield>
  </datafield>
  <datafield tag="504" ind1=" " ind2=" ">
    <subfield code="a">Includes index</subfield>
  </datafield>
  <datafield tag="521" ind1=" " ind2=" ">
    <subfield code="a">Juvenile works</subfield>
  </datafield>
  <datafield tag="942" ind1=" " ind2=" ">
    <subfield code="2">ddc</subfield>
    <subfield code="c">BOOK</subfield>
    <subfield code="w">169</subfield>
    <subfield code="x">Boniswa Ngcongolo</subfield>
    <subfield code="y">169</subfield>
    <subfield code="z">Boniswa Ngcongolo</subfield>
  </datafield>
  <datafield tag="999" ind1=" " ind2=" ">
    <subfield code="c">762110</subfield>
    <subfield code="d">762109</subfield>
  </datafield>
  <datafield tag="952" ind1=" " ind2=" ">
    <subfield code="0">0</subfield>
    <subfield code="1">0</subfield>
    <subfield code="2">ddc</subfield>
    <subfield code="4">0</subfield>
    <subfield code="7">0</subfield>
    <subfield code="8">500</subfield>
    <subfield code="a">ERMEL</subfield>
    <subfield code="b">KHULL</subfield>
    <subfield code="c">GEN</subfield>
    <subfield code="d">2024-02-02</subfield>
    <subfield code="l">0</subfield>
    <subfield code="o">J 599.865 EMME</subfield>
    <subfield code="p">3322803176623</subfield>
    <subfield code="r">2024-02-02</subfield>
    <subfield code="w">2024-02-02</subfield>
    <subfield code="y">BOOK</subfield>
  </datafield>
  <datafield tag="952" ind1=" " ind2=" ">
    <subfield code="0">0</subfield>
    <subfield code="1">0</subfield>
    <subfield code="2">ddc</subfield>
    <subfield code="4">0</subfield>
    <subfield code="7">0</subfield>
    <subfield code="8">500</subfield>
    <subfield code="a">ERMEL</subfield>
    <subfield code="b">DRIEL</subfield>
    <subfield code="c">GEN</subfield>
    <subfield code="d">2024-10-14</subfield>
    <subfield code="l">0</subfield>
    <subfield code="o">J 599.865 EMME</subfield>
    <subfield code="p">33228031099803</subfield>
    <subfield code="r">2024-10-14</subfield>
    <subfield code="w">2024-10-14</subfield>
    <subfield code="y">BOOK</subfield>
  </datafield>
  <datafield tag="952" ind1=" " ind2=" ">
    <subfield code="0">0</subfield>
    <subfield code="1">0</subfield>
    <subfield code="2">ddc</subfield>
    <subfield code="4">0</subfield>
    <subfield code="7">0</subfield>
    <subfield code="8">500</subfield>
    <subfield code="a">THANPL</subfield>
    <subfield code="b">THANPL</subfield>
    <subfield code="c">CHILD</subfield>
    <subfield code="d">2025-05-12</subfield>
    <subfield code="g">85.00</subfield>
    <subfield code="l">0</subfield>
    <subfield code="o">J 599.865 EMME</subfield>
    <subfield code="p">3322803174339</subfield>
    <subfield code="r">2025-05-12</subfield>
    <subfield code="w">2025-05-12</subfield>
    <subfield code="y">BOOK</subfield>
  </datafield>
  <datafield tag="952" ind1=" " ind2=" ">
    <subfield code="0">0</subfield>
    <subfield code="1">0</subfield>
    <subfield code="2">ddc</subfield>
    <subfield code="4">0</subfield>
    <subfield code="7">0</subfield>
    <subfield code="8">500</subfield>
    <subfield code="a">KWAML</subfield>
    <subfield code="b">MAPHL</subfield>
    <subfield code="c">CHILD</subfield>
    <subfield code="d">2025-09-16</subfield>
    <subfield code="l">0</subfield>
    <subfield code="o">J 599.865 EMME</subfield>
    <subfield code="p">3322802446423</subfield>
    <subfield code="r">2025-09-16</subfield>
    <subfield code="w">2025-09-16</subfield>
    <subfield code="y">BOOK</subfield>
  </datafield>
  <datafield tag="952" ind1=" " ind2=" ">
    <subfield code="0">0</subfield>
    <subfield code="1">0</subfield>
    <subfield code="2">ddc</subfield>
    <subfield code="4">0</subfield>
    <subfield code="7">0</subfield>
    <subfield code="8">500</subfield>
    <subfield code="a">KWAML</subfield>
    <subfield code="b">MARAL</subfield>
    <subfield code="c">CHILD</subfield>
    <subfield code="d">2025-09-17</subfield>
    <subfield code="l">0</subfield>
    <subfield code="o">J 599.865 EMME</subfield>
    <subfield code="p">33228024463133</subfield>
    <subfield code="r">2025-09-17</subfield>
    <subfield code="w">2025-09-17</subfield>
    <subfield code="y">BOOK</subfield>
  </datafield>
  <datafield tag="952" ind1=" " ind2=" ">
    <subfield code="0">0</subfield>
    <subfield code="1">0</subfield>
    <subfield code="2">ddc</subfield>
    <subfield code="4">0</subfield>
    <subfield code="7">0</subfield>
    <subfield code="8">500</subfield>
    <subfield code="a">STANRL</subfield>
    <subfield code="b">amer</subfield>
    <subfield code="c">CHILD</subfield>
    <subfield code="d">2025-09-23</subfield>
    <subfield code="g">265.60</subfield>
    <subfield code="l">0</subfield>
    <subfield code="o">J 599.865 EMME</subfield>
    <subfield code="p">3322803187926</subfield>
    <subfield code="r">2025-09-23</subfield>
    <subfield code="w">2025-09-23</subfield>
    <subfield code="y">BOOK</subfield>
  </datafield>
  <datafield tag="952" ind1=" " ind2=" ">
    <subfield code="0">0</subfield>
    <subfield code="1">0</subfield>
    <subfield code="2">ddc</subfield>
    <subfield code="4">0</subfield>
    <subfield code="7">0</subfield>
    <subfield code="8">500</subfield>
    <subfield code="a">KWAML</subfield>
    <subfield code="b">MASOBL</subfield>
    <subfield code="c">Non_Fiction</subfield>
    <subfield code="d">2025-10-03</subfield>
    <subfield code="g">255.50</subfield>
    <subfield code="l">0</subfield>
    <subfield code="o">J 599.865 EMME</subfield>
    <subfield code="p">33228024459610</subfield>
    <subfield code="r">2025-10-03</subfield>
    <subfield code="w">2025-10-03</subfield>
    <subfield code="y">BOOK</subfield>
  </datafield>
  <datafield tag="952" ind1=" " ind2=" ">
    <subfield code="0">0</subfield>
    <subfield code="1">0</subfield>
    <subfield code="2">ddc</subfield>
    <subfield code="4">0</subfield>
    <subfield code="7">0</subfield>
    <subfield code="8">500</subfield>
    <subfield code="a">PERDL</subfield>
    <subfield code="b">PERDL</subfield>
    <subfield code="c">Non_Fiction</subfield>
    <subfield code="d">2025-12-12</subfield>
    <subfield code="g">270.00</subfield>
    <subfield code="i">9781770085282</subfield>
    <subfield code="l">0</subfield>
    <subfield code="o">J 599.865 EMME</subfield>
    <subfield code="p">3322830158980</subfield>
    <subfield code="r">2025-12-12</subfield>
    <subfield code="v">270.00</subfield>
    <subfield code="w">2025-12-12</subfield>
    <subfield code="y">BOOK</subfield>
  </datafield>
  <datafield tag="952" ind1=" " ind2=" ">
    <subfield code="0">0</subfield>
    <subfield code="1">0</subfield>
    <subfield code="2">ddc</subfield>
    <subfield code="4">0</subfield>
    <subfield code="7">0</subfield>
    <subfield code="8">500</subfield>
    <subfield code="a">STANRL</subfield>
    <subfield code="b">THUTL</subfield>
    <subfield code="c">FIC</subfield>
    <subfield code="d">2026-01-14</subfield>
    <subfield code="l">0</subfield>
    <subfield code="o">J 599.865 EMME</subfield>
    <subfield code="p">3228200035939</subfield>
    <subfield code="r">2026-01-14</subfield>
    <subfield code="w">2026-01-14</subfield>
    <subfield code="y">BOOK</subfield>
  </datafield>
  <datafield tag="952" ind1=" " ind2=" ">
    <subfield code="0">0</subfield>
    <subfield code="1">0</subfield>
    <subfield code="2">ddc</subfield>
    <subfield code="4">0</subfield>
    <subfield code="7">0</subfield>
    <subfield code="8">500</subfield>
    <subfield code="a">STANRL</subfield>
    <subfield code="b">SAKHL</subfield>
    <subfield code="c">CHILD</subfield>
    <subfield code="d">2026-01-22</subfield>
    <subfield code="l">0</subfield>
    <subfield code="o">J 599.865 EMME</subfield>
    <subfield code="p">3228200035922</subfield>
    <subfield code="r">2026-01-22</subfield>
    <subfield code="w">2026-01-22</subfield>
    <subfield code="y">BOOK</subfield>
  </datafield>
</record>
